000 00301nam a22001217a 4500
008 260423b |||||||| |||| 00| 0 eng d
082 _a001282
100 _aPushpendra Kumar
245 _aNatyashastra
_nVol 1-4
260 _aDelhi
_bNew Bharatiya Book Corporation
_c2019
300 _a2080
942 _2ddc
999 _c1283
_d1283